Citrus Fruits - Statistics

General Stats
  • This quiz has been taken 41,939 times
  • The average score is 5 of 12
Answer Stats
Scientific Name Fruit Main Part Eaten Hint % Correct
Citrus × sinensis (Sweet) Orange juice, flesh the world's most popular fruit
99%
Citrus × limon Lemon juice, zest yellow and sour
97%
Citrus × latifolia (Persian) Lime juice green and sour
94%
Citrus × paradisi Grapefruit flesh, juice bitter; eaten at breakfast
83%
Citrus reticulata Mandarin Orange flesh, juice popular in China; often canned
66%
Citrus aurantifolia Key Lime juice popular in Florida; used in pies
31%
Fortunella japonica Kumquat whole fruit bite-sized; can cross with Citrus
23%
Citrus maxima Pomelo flesh the largest citrus
23%
Citrus medica Citron rind candied and then used in fruitcakes
11%
Citrus × hystrix Makrut Lime leaves, rind popular in Thailand; used in curry
8%
Citrus × aurantium Sour Orange zest, essential oil used in preserves and perfumes
8%
Citrus × limonia Rangpur Lime juice, zest popular in Bengal; used in mixed drinks
3%
No matching quizzes found
Score Distribution
Percent of People with Each Score
Percentile by Number Answered
Your Score History
You have not taken this quiz